00446nam a2200181Ia 4500008004000000082001600040100002300056245005800079260004000137300001200177650000900189650000900198650001500207650001100222650001400233650000800247650000900255210210b1999 xxu||||| |||| 00| 0 eng d a510.02 MCCM aM C C PUBLICATIONS aMCCS master companion to the mathmatics CET test 1999 aBangalorebM C C Publicationsc1999 axii,475 atest aMCCS amathmatics amaster acompanion aCET a1999